| 000 | 01224cam a2200325 4500 | ||
|---|---|---|---|
| 001 | J128942 | ||
| 008 | 030623n2003 000 0 eng u | ||
| 035 | _a(Sirsi) u128942 | ||
| 041 | _aeng | ||
| 050 |
_a346.4104343 _c18 |
||
| 110 |
_aBritish Property Federation _91604 |
||
| 245 |
_aBPF and BCO model clauses for an FRI office lease of whole _bFebruary 2003 |
||
| 260 |
_aLondon _bBPF _c2003 |
||
| 520 | _aA series of benchmark model clauses for an office lease, produced with the aim of being fair to both parties and reducing protacted negotiations. These model clauses have been drafted for an FRI office lease of whole, but they can also apply to other types of property. View at www.bpf.org.uk/publications. | ||
| 590 | _aABS | ||
| 650 | _aMODEL CLAUSES | ||
| 650 | _aBPF | ||
| 650 | _aBCO | ||
| 650 | _aREPAIRS | ||
| 650 | _aRENTS | ||
| 650 | _aOFFICE LEASES | ||
| 650 | _aSTANDARDISATION | ||
| 650 | _aLEASE TERMS | ||
| 650 | _aALTERATIONS | ||
| 650 | _aASSIGNMENT | ||
| 690 | _aLANDLORD AND TENANT-BUSINESS TENANCIES | ||
| 710 |
_aBritish Council for Offices _93992 |
||
| 856 |
_uhttps://www.bpf.org.uk/publications/documents/ _zView the model clauses on the BPF website... |
||
| 942 | _n0 | ||
| 999 |
_c104042 _d104042 |
||